| 000 -LEADER |
| fixed length control field |
00968nam a22002417a 4500 |
| 005 - DATE AND TIME OF LATEST TRANSACTION |
| control field |
20210528102420.0 |
| 008 - FIXED-LENGTH DATA ELEMENTS--GENERAL INFORMATION |
| fixed length control field |
210528b ||||| |||| 00| 0 eng d |
| 020 ## - INTERNATIONAL STANDARD BOOK NUMBER |
| International Standard Book Number |
9781484780640 |
| 020 ## - INTERNATIONAL STANDARD BOOK NUMBER |
| International Standard Book Number |
9781368051729 |
| Qualifying information |
Boxset |
| 040 ## - CATALOGING SOURCE |
| Transcribing agency |
KH8 |
| 082 ## - DEWEY DECIMAL CLASSIFICATION NUMBER |
| Classification number |
FIC RIO |
| 100 ## - MAIN ENTRY--PERSONAL NAME |
| Personal name |
Riordan, Rick |
| Relator term |
author |
| 245 ## - TITLE STATEMENT |
| Title |
The dark prophecy / |
| Statement of responsibility, etc. |
Rick Riordan |
| 260 ## - PUBLICATION, DISTRIBUTION, ETC. |
| Place of publication, distribution, etc. |
Los Angeles ; New York : |
| Name of publisher, distributor, etc. |
Disney * HYPERION, |
| Date of publication, distribution, etc. |
2018. ©2017. |
| 300 ## - PHYSICAL DESCRIPTION |
| Extent |
414 pages, 40 unnumbered pages ; |
| Dimensions |
20 cm. |
| 440 ## - SERIES STATEMENT/ADDED ENTRY--TITLE |
| Title |
The trials of Apollo ; |
| Number of part/section of a work |
Book 2. |
| 500 ## - GENERAL NOTE |
| General note |
"Sneak previews of The Storm Runner and Dragon Pearl inside." -- Front cover. |
| 520 ## - SUMMARY, ETC. |
| Summary, etc. |
Lester, Leo, Calypso, and Meg ride the bronze dragon, Festus, to Indiana to seek the most dangerous Oracle, but must first face another evil Roman emperor. |
| 650 ## - SUBJECT ADDED ENTRY--TOPICAL TERM |
| Topical term or geographic name entry element |
Apollo -- (Deity) -- Juvenile fiction. |
| 650 ## - SUBJECT ADDED ENTRY--TOPICAL TERM |
| Topical term or geographic name entry element |
Gods, Greek -- Juvenile fiction. |
| 650 ## - SUBJECT ADDED ENTRY--TOPICAL TERM |
| Topical term or geographic name entry element |
Mythology, Greek -- Juvenile fiction. |
| 942 ## - ADDED ENTRY ELEMENTS (KOHA) |
| Source of classification or shelving scheme |
|
| Koha item type |
Books - Fiction |